| 000 | | | 05450cmc2a2200000#x 450 |
| 001 | | | 1cf22b76462b411fa4df2194e267f508 |
| 005 | | | 20181116144000.0 |
| 100 | ## | $a | 20181116l18841884k y0rusy0189 ca |
| 101 | 0# | $a | rus |
| 102 | ## | $a | RU |
| 251 | ## | $c | Дело |
| 225 | 0# | $a | Фонд Центральный статистический комитет Министерства внутренних дел |
| | $h | Опись № 4 |
| 300 | ## | $a | Печатные таблицы, с рукописными пометами и текстом |
| 324 | ## | $a | Микрофиши |
| 801 | #0 | $a | RU |
| | $b | РГИА |
| 801 | #1 | $a | RU |
| | $b | ГлавНИВЦ |
| | $2 | rusmarc |
| 801 | #2 | $a | RU |
| | $b | ПБ им. Б.Н. Ельцина |
| | $c | 20130917 |
| | $g | RCR |
| | $2 | rusmarc |
| 850 | ## | $a | Федеральное казенное учреждение "Российский государственный исторический архив" (РГИА) |
| 852 | ## | $a | РГИА |
| | $j | 284 |
| 937 | ## | $a | ASBIBLIO_SCAN |
| | $b | РГИА_1290:_4:_284: |
| | $d | 1110438 |
| | $h | РГИА |
| 200 | 1# | $a | Ведомости к циркуляру МВД от 24 мая 1884 г. со сведениями о населенных местах и народонаселении по Ардатовскому и Арзамасскому уездам Нижегородской губернии |
| | $j | 1884 |
| 215 | ## | $a | 1083 листа |
| 035 | ## | $a | 1cf22b76462b411fa4df2194e267f508 |
| 606 | 1# | $2 | nlr_sh |
| | $3 | RU\NLR\AUTH\661502482 |
| | $a | Населенные места |
| | $j | Документы и материалы |
| | $y | Нижегородская губерния |
| 606 | 1# | $2 | prlib_sh |
| | $3 | LIBNET\UAF\0000015852 |
| | $a | Население |
| | $j | Документы и материалы |
| | $y | Нижегородская губерния |
| 617 | ## | $2 | prlib_sh |
| | $c | Нижегородская губерния |
| 617 | ## | $c | Нижегородская область |
| | $2 | prlib_sh |
| 686 | ## | $2 | rubbk |
| | $a | 63.3(28-8Ниж)52-2ю1 |
| | $v | LBC/M |
| 605 | ## | $2 | acquisition_Prlib |
| | $3 | DITM\AF\0000004675 |
| | $a | Территория |
| | $l | коллекция |
| 605 | ## | $a | Народ |
| | $l | коллекция |
| | $2 | acquisition_Prlib |
| | $3 | DITM\AF\0000003834 |
| 605 | ## | $a | Нижегородская область: страницы истории |
| | $l | коллекция |
| | $2 | acquisition_Prlib |
| | $3 | LIBNET\UAF\0000040013 |
| 605 | ## | $a | Территория России: Нижегородская область |
| | $l | коллекция |
| | $2 | acquisition_Prlib |
| | $3 | LIBNET\UAF\0000040015 |
| 122 | 0# | $a | d1884###### |
| 461 | #0 | $1 | 001eb526daf-bdae-4646-bff8-fbb6e04322ec |
| | $1 | 2001 |
| | $a | Центральный статистический комитет МВД |
| | $1 | 251 |
| | $c | Фонд |
| | $1 | 852 |
| | $j | 1290 |
| 462 | #0 | $1 | 0016c391976-71f3-4ecf-b4eb-e27bc4882cd5 |
| | $1 | 2001 |
| | $a | 1835-1917 гг. |
| | $v | Д. 284 |
| | $1 | 251 |
| | $c | Опись |
| | $1 | 852 |
| | $j | 4 |